000 01175nam a2200301Ia 4500
001 ebr10170898
003 CaPaEBR
006 m u
007 cr cn|||||||||
008 000526s2000 ctua sb 001 0 eng d
010 _z 00043271
020 _z9780300080193
020 _z0300080190
040 _aCaPaEBR
_cCaPaEBR
035 _a(OCoLC)228168850
050 1 4 _aK720
_b.S56 2000eb
100 1 _aSinger, Joseph William,
_d1954-
245 1 0 _aEntitlement
_h[electronic resource] :
_bthe paradoxes of property /
_cJoseph William Singer.
260 _aNew Haven :
_bYale University Press,
_cc2000.
300 _axiv, 241 p. :
_bill.
504 _aIncludes bibliographical references (p. 217-233) and index.
533 _aElectronic reproduction.
_bPalo Alto, Calif. :
_cebrary,
_d2007.
_nAvailable via World Wide Web.
_nAccess may be limited to ebrary affiliated libraries.
650 0 _aProperty
_xSocial aspects.
650 0 _aProperty
_xPhilosophy.
655 7 _aElectronic books.
_2local
710 2 _aebrary, Inc.
856 4 0 _uhttp://site.ebrary.com/lib/rucke/Doc?id=10170898
_zAn electronic book accessible through the World Wide Web; click to view
999 _c139666
_d139666